000 00781nam a22002297a 4500
999 _c182519
_d182519
005 20220216115342.0
010 _aENG-130106
020 _a978-93-85995-52-1
_c1495.00
035 _aEN-113638
037 _bDBAD/PUB
082 _a615.321
245 _aHerbal Medicine and Modern Drug Discovery:
_cEdited by Abbas Ali Mahdi [et...all]
250 _a2017
260 _aNew Delhi
_bLenin Media Private Limited
_c2017
270 _a204, IInd Floor ,Durga Complex CSC, Mayur Vihar, Phase-II
_bNew Delhi
_e110092
_k9818148113
_mleninmediapublishers@gmail.com
300 _a183p.
_c24cm (hbk)
_bReference
700 _aAbid, Murtaza
700 _aKhan, M.M. Abid Ali
700 _aNaqvi T.S
700 _aMaheshwari, K. Raaz
942 _2ddc
_cEN
_h 615.321
_mHER